000 00615nam a2200205Ia 4500
003 GCL
008 140319s9999 xx 000 0 ara d
040 _aGCL /
_cGCL
082 0 4 _a792.025
_bا ا
100 1 _aامين سلامة
245 1 0 _aالاخراج المسرحى /
_cامين سلامة
700 1 _aالنزويرث, كارل
300 _a512 ص
490 _aالهيئة العامة للاستعلامات
_v0
650 0 4 _aالاخراج المسرحى
650 0 4 _aالمسرح
650 0 4 _aالتمثيل فى السينما
650 0 4 _aالاخراج الفنى
942 _2ddc
_cBK
999 _c49924
_d49924